| 000 -LEADER |
| fixed length control field |
02032cam a2200349 i 4500 |
| 001 - CONTROL NUMBER |
| control field |
17370422 |
| 005 - DATE AND TIME OF LATEST TRANSACTION |
| control field |
20221010114633.0 |
| 008 - FIXED-LENGTH DATA ELEMENTS--GENERAL INFORMATION |
| fixed length control field |
120702t20122012maua b 001 0 eng |
| 010 ## - LIBRARY OF CONGRESS CONTROL NUMBER |
| LC control number |
2012019109 |
| 020 ## - INTERNATIONAL STANDARD BOOK NUMBER |
| International Standard Book Number |
978-93-82291-51-0 (alk. paper) |
| 040 ## - CATALOGING SOURCE |
| Original cataloging agency |
DLC |
| Language of cataloging |
eng |
| Transcribing agency |
DLC |
| Description conventions |
rda |
| Modifying agency |
DLC |
| 042 ## - AUTHENTICATION CODE |
| Authentication code |
pcc |
| 050 00 - LIBRARY OF CONGRESS CALL NUMBER |
| Classification number |
QA76.6 |
| Item number |
.H5244 2012 |
| 082 00 - DEWEY DECIMAL CLASSIFICATION NUMBER |
| Classification number |
005.434, HER |
| Edition number |
23 |
| 100 1# - MAIN ENTRY--PERSONAL NAME |
| Personal name |
Herlihy, Maurice, |
| Relator term |
author. |
| 9 (RLIN) |
99640 |
| 245 14 - TITLE STATEMENT |
| Title |
The art of multiprocessor programming / |
| Statement of responsibility, etc. |
Maurice Herlihy, Nir Shavit. |
| 250 ## - EDITION STATEMENT |
| Edition statement |
Revised first edition. |
| 264 #1 - PRODUCTION, PUBLICATION, DISTRIBUTION, MANUFACTURE, AND COPYRIGHT NOTICE |
| Place of production, publication, distribution, manufacture |
Amsterdam : |
| Name of producer, publisher, distributor, manufacturer |
Morgan Kaufmann, |
| Date of production, publication, distribution, manufacture, or copyright notice |
[2012] |
| 264 #4 - PRODUCTION, PUBLICATION, DISTRIBUTION, MANUFACTURE, AND COPYRIGHT NOTICE |
| Date of production, publication, distribution, manufacture, or copyright notice |
© 2012 |
| 300 ## - PHYSICAL DESCRIPTION |
| Extent |
xxiv, 508 pages : |
| Other physical details |
illustrations ; |
| Dimensions |
24 cm |
| 336 ## - CONTENT TYPE |
| Content type term |
text |
| Source |
rdacontent |
| 337 ## - MEDIA TYPE |
| Media type term |
unmediated |
| Source |
rdamedia |
| 338 ## - CARRIER TYPE |
| Carrier type term |
volume |
| Source |
rdacarrier |
| 505 ## - FORMATTED CONTENTS NOTE |
| Formatted contents note |
Introduction (Page-1), Mutual Exclusion (Page-21),Concurrent Objects (Page-45),Foundations of Shared Memory (Page-71),The Relative Power of Primitive Synchronization Operations (Page-99),Universality of Consensus (Page-125),Spin Locks and Contention (Page-141),Monitors and Blocking Synchronization (Page-177),Linked Lists: The Role of Locking (Page-195),Concurrent Queues and the ABA Problem (Page-223),Concurrent Stacks and Elimination (Page-245),Counting, Sorting, and Distributed Coordination (Page-259),Concurrent Hashing and Natural Parallelism (Page-299),Skiplists and Balanced Search (Page-329),Priority Queues (Page-351),Futures, Scheduling, and Work Distribution (Page-369),Barriers (Page-397),Transactional Memory (Page-417). |
| 650 #0 - SUBJECT ADDED ENTRY--TOPICAL TERM |
| Topical term or geographic name entry element |
Multiprogramming (Electronic computers) |
| 9 (RLIN) |
99641 |
| 650 #0 - SUBJECT ADDED ENTRY--TOPICAL TERM |
| Topical term or geographic name entry element |
Multiprocessors. |
| 9 (RLIN) |
99642 |
| 700 1# - ADDED ENTRY--PERSONAL NAME |
| Personal name |
Shavit, Nir, |
| Dates associated with a name |
1959- |
| Relator term |
author. |
| 9 (RLIN) |
99643 |
| 775 0# - OTHER EDITION ENTRY |
| Main entry heading |
Herlihy, Maurice. |
| Title |
Art of multiprocessor programming |
| Place, publisher, and date of publication |
Amsterdam : Elsevier/Morgan Kaufmann, 2008 |
| Physical description |
xx, 508 p. : ill. ; 24 cm. |
| Record control number |
(DLC) 2008273906 |
| 906 ## - LOCAL DATA ELEMENT F, LDF (RLIN) |
| a |
7 |
| b |
cbc |
| c |
orignew |
| d |
1 |
| e |
ecip |
| f |
20 |
| g |
y-gencatlg |
| 942 ## - ADDED ENTRY ELEMENTS (KOHA) |
| Source of classification or shelving scheme |
|
| Koha item type |
Book |